[Event "Barcelona Tupinamba op 8th"]
[Site "Barcelona"]
[Date "2013.05.15"]
[Round "8"]
[White "Mateu Farre, Josep Maria"]
[Black "Serrano Pertinez, Miquel"]
[Result "0-1"]
[WhiteElo "2016"]
[BlackElo "2074"]
[PlyCount "38"]
[EventDate "2013.03.13"]
[EventType "swiss"]
[EventRounds "9"]
[EventCountry "ESP"]
[SourceTitle "EXT 2014"]
[Source "ChessBase"]
[SourceDate "2013.11.20"]
[SourceVersion "1"]
[SourceVersionDate "2013.11.20"]
[SourceQuality "1"]

1. e4 Nf6 2. Bc4 Nxe4 3. Bxf7+ Kxf7 4. Qh5+ Kg8 5. Qd5+ e6 6. Qxe4 d5 7. Qe2 Nc6 8. Nf3 e5 9. Nxe5 Nd4 10. Qd3 Bc5 11. Kf1 Qe7 12. f4 Bf5 13. Qc3 Nxc2 14. d3 Nxa1 15. b3 Re8 16. Bb2 Be3 17. Bxa1 Bxf4 18. g4 Bxe5 19. Qxe5 Bxd3+ 0-1

[Event "Barcelona Sant Marti op 2nd"]
[Site "Barcelona"]
[Date "2013.03.14"]
[Round "9"]
[White "Garcia Marin, Guillem"]
[Black "Mateu Farre, Josep Maria"]
[Result "0-1"]
[WhiteElo "2105"]
[BlackElo "2016"]
[PlyCount "58"]
[EventDate "2013.01.17"]
[EventType "swiss"]
[EventRounds "9"]
[EventCountry "ESP"]
[SourceTitle "EXT 2014"]
[Source "ChessBase"]
[SourceDate "2013.11.20"]
[SourceVersion "1"]
[SourceVersionDate "2013.11.20"]
[SourceQuality "1"]

1. d4 d5 2. Bg5 Nf6 3. Bxf6 gxf6 4. e3 e5 5. c3 Rg8 6. Qh5 Rg5 7. Qxh7 Bf5 8. Qh8 exd4 9. cxd4 Qd6 10. Nd2 Nd7 11. Nh3 Rg7 12. Qh5 Bg4 13. Qh4 0-0-0 14. f3 Bf5 15. Nf4 Re8 16. Kf2 Rh7 17. Qg3 Bh6 18. h3 Nf8 19. Re1 Ng6 20. Nh5 Qb4 21. Nb3 Bg5 22. Qh2 Rxh5 23. g3 Bc2 24. f4 Nxf4 25. Bb5 Nxh3+ 26. Kf3 Qxb5 27. g4 Rhh8 28. Nd2 Qd3 29. Qe2 Rxe3+ 0-1

[Event "Barcelona Sant Marti op 2nd"]
[Site "Barcelona"]
[Date "2013.02.14"]
[Round "5"]
[White "Mateu Farre, Josep Maria"]
[Black "Sanchez Ibern, Eric"]
[Result "1/2-1/2"]
[WhiteElo "2016"]
[BlackElo "2083"]
[PlyCount "83"]
[EventDate "2013.01.17"]
[EventType "swiss"]
[EventRounds "9"]
[EventCountry "ESP"]
[SourceTitle "EXT 2014"]
[Source "ChessBase"]
[SourceDate "2013.11.20"]
[SourceVersion "1"]
[SourceVersionDate "2013.11.20"]
[SourceQuality "1"]

1. e4 c5 2. Nf3 e6 3. d4 cxd4 4. Nxd4 Nf6 5. Nc3 Bb4 6. Bd3 e5 7. Nf5 0-0 8. 0-0 Bxc3 9. bxc3 d6 10. Qf3 Bxf5 11. Qxf5 Qd7 12. Qf3 Qe6 13. Bg5 Nbd7 14. Rfe1 Rac8 15. Bf1 Rc7 16. h4 h6 17. Bd2 Rfc8 18. g3 Nb6 19. Kh2 Ng4+ 20. Kg1 Nc4 21. Bc1 Nf6 22. Kh2 Ng4+ 23. Kg1 h5 24. Bh3 Rf8 25. Qe2 Qg6 26. f3 Nh6 27. Kh2 Kh8 28. Bg5 f6 29. Bc1 Re8 30. Rb1 b6 31. Rb4 Na5 32. Qd3 Nb7 33. Be3 Rd8 34. Rd1 Qf7 35. Bxh6 gxh6 36. Qe3 Qg7 37. Rg1 Rg8 38. Rbb1 Qf8 39. Be6 Rg6 40. Bf5 Rg8 41. Be6 Rg6 42. Bf5 1/2-1/2

[Event "Barcelona Ateneu Colon op 7th"]
[Site "Barcelona"]
[Date "2012.05.22"]
[Round "6"]
[White "Solera Castellano, Xavier"]
[Black "Mateu Farre, Josep Maria"]
[Result "1-0"]
[WhiteElo "1718"]
[BlackElo "2043"]
[PlyCount "89"]
[EventDate "2012.04.10"]
[EventType "swiss"]
[EventRounds "9"]
[EventCountry "ESP"]
[SourceTitle "CBM 148 Extra"]
[Source "ChessBase"]
[SourceDate "2012.06.22"]
[SourceVersion "1"]
[SourceVersionDate "2012.06.22"]
[SourceQuality "1"]

1. d4 d5 2. Bf4 Nf6 3. e3 e6 4. Nf3 Bd6 5. Bxd6 Qxd6 6. c3 Nbd7 7. Nbd2 0-0 8. Bd3 e5 9. dxe5 Nxe5 10. Nxe5 Qxe5 11. Nf3 Qh5 12. Qc2 c5 13. h3 c4 14. Be2 Bf5 15. Nd4 Bxc2 16. Bxh5 Be4 17. Bf3 Nd7 18. Bxe4 dxe4 19. 0-0 Ne5 20. b3 Rfc8 21. Nf5 Kf8 22. Nd6 Rc6 23. Nxe4 cxb3 24. axb3 f5 25. Ng3 Rxc3 26. Rab1 g6 27. Ne2 Rc7 28. Nd4 Ke7 29. Ra1 Rc5 30. b4 Rc4 31. b5 a5 32. bxa6 bxa6 33. Rfb1 Nc6 34. Nxc6+ Rxc6 35. Rb7+ Kd6 36. Rd1+ Ke6 37. Rxh7 a5 38. Rdd7 Rd6 39. Rhe7+ Kd5 40. Ra7 Ra6 41. Rac7 a4 42. Red7+ Rd6 43. Ra7 Rxd7 44. Rxa8 f4 45. exf4 1-0

[Event "Barcelona Ateneu Colon op 7th"]
[Site "Barcelona"]
[Date "2012.04.10"]
[Round "1"]
[White "Albert Estebanez, Alex"]
[Black "Mateu Farre, Josep Maria"]
[Result "1-0"]
[WhiteElo "1637"]
[BlackElo "2043"]
[PlyCount "55"]
[EventDate "2012.04.10"]
[EventType "swiss"]
[EventRounds "9"]
[EventCountry "ESP"]
[SourceTitle "CBM 148 Extra"]
[Source "ChessBase"]
[SourceDate "2012.06.22"]
[SourceVersion "1"]
[SourceVersionDate "2012.06.22"]
[SourceQuality "1"]

1. e4 e5 2. Nf3 Nf6 3. Nc3 Bb4 4. a3 Bc5 5. Bc4 d6 6. d3 0-0 7. Be3 Bxe3 8. fxe3 c6 9. Qd2 d5 10. exd5 cxd5 11. Bb3 d4 12. exd4 exd4 13. Ne2 Nc6 14. 0-0-0 Be6 15. Ba4 Qb6 16. Bxc6 bxc6 17. Nexd4 Rab8 18. Qb4 Qa6 19. Qc5 Bd5 20. c4 Rfc8 21. Ne5 Qb7 22. Rd2 Nd7 23. Nxd7 Qxd7 24. Re1 Qg4 25. cxd5 cxd5 26. Nc6 Qd7 27. Rc2 Kh8 28. Nxb8 1-0